[Event "Berlin Eckbauer op 16th"]
[Site "Berlin"]
[Date "2013.11.18"]
[Round "7"]
[White "Metin, Altug"]
[Black "Hankow, Bert Juergen"]
[Result "1/2-1/2"]
[WhiteElo "1786"]
[BlackElo "2018"]
[PlyCount "69"]
[EventDate "2013.10.07"]
[EventType "swiss"]
[EventRounds "7"]
[EventCountry "GER"]
[SourceTitle "EXT 2022"]
[Source "ChessBase"]
[SourceDate "2021.10.06"]
[SourceVersion "1"]
[SourceVersionDate "2021.10.06"]
[SourceQuality "1"]

1. d4 Nf6 2. c4 e6 3. g3 c5 4. Nf3 cxd4 5. Nxd4 Bc5 6. Nc3 0-0 7. Bg2 Nc6 8. Nb3 Be7 9. 0-0 a6 10. e4 d6 11. Be3 Ne5 12. Qe2 Rb8 13. Rfd1 Qc7 14. Bf1 Bd7 15. Rac1 Bc6 16. Bg2 b6 17. Nd4 Ba8 18. b3 Rfd8 19. h3 Ned7 20. b4 Rbc8 21. f4 Qb8 22. a3 Bb7 23. g4 Qa8 24. g5 Nxe4 25. Nxe4 Bxe4 26. b5 axb5 27. Nxb5 Bxg2 28. Qxg2 Qxg2+ 29. Kxg2 Nc5 30. Nc3 Rc7 31. Nb5 Rcd7 32. Nd4 Rc8 33. Rb1 Rb7 34. Nb5 Rc6 35. Nd4 1/2-1/2

[Event "Berlin-ch qualification"]
[Site "Berlin-Lichtenrade"]
[Date "2011.04.23"]
[Round "1.2"]
[White "Metin, Altug"]
[Black "Boettcher, Patrick"]
[Result "0-1"]
[WhiteElo "1754"]
[BlackElo "2161"]
[PlyCount "48"]
[EventDate "2011.04.23"]
[EventType "swiss"]
[EventRounds "9"]
[EventCountry "GER"]
[SourceTitle "EXT 2022"]
[Source "ChessBase"]
[SourceDate "2021.10.06"]
[SourceVersion "1"]
[SourceVersionDate "2021.10.06"]
[SourceQuality "1"]

1. d4 Nf6 2. Nc3 d5 3. Bg5 Nbd7 4. f3 c5 5. Bxf6 Nxf6 6. dxc5 e6 7. e4 Bxc5 8. Bb5+ Ke7 9. Qe2 dxe4 10. Rd1 Qb6 11. fxe4 Bxg1 12. Kf1 Bd4 13. e5 Bxc3 14. exf6+ Bxf6 15. Qc4 Be5 16. Ke2 Qc7 17. Qe4 a6 18. Ba4 f5 19. Qh4+ Bf6 20. Qb4+ Kf7 21. Rd3 b5 22. Bb3 a5 23. Qd2 a4 24. Rc3 Bxc3 0-1

[Event "Berlin Lichtenberger op 9th"]
[Site "Berlin"]
[Date "2010.08.10"]
[Round "4"]
[White "Schild, Reinhard"]
[Black "Metin, Altug"]
[Result "1-0"]
[WhiteElo "1696"]
[BlackElo "1748"]
[PlyCount "103"]
[EventDate "2010.08.07"]
[EventType "swiss"]
[EventRounds "9"]
[EventCountry "GER"]
[SourceTitle "CBM 137 Extra"]
[Source "ChessBase"]
[SourceDate "2010.09.01"]
[SourceVersion "1"]
[SourceVersionDate "2010.09.01"]
[SourceQuality "1"]

1. d4 d5 2. Nf3 c5 3. c3 Nf6 4. e3 Nc6 5. Bd3 e6 6. Nbd2 cxd4 7. exd4 Bd6 8. 0-0 0-0 9. Re1 Bd7 10. Qe2 e5 11. dxe5 Nxe5 12. Nxe5 Bxe5 13. h3 Re8 14. Qd1 Qb6 15. Nf3 Bd6 16. Nd4 Bc5 17. Bc2 Bxd4 18. Rxe8+ Rxe8 19. cxd4 Qb4 20. Be3 Qxb2 21. Rb1 Qxa2 22. Rxb7 Be6 23. Bb3 Qa6 24. Rb4 Ne4 25. Bd2 Qd3 26. Be3 Qc3 27. Ra4 Qc7 28. Qa1 Ra8 29. Ra5 Nf6 30. Rc5 Qb6 31. Bc2 a5 32. Ba4 Ne4 33. Rb5 Qc7 34. Qb2 h6 35. Rb3 Qc4 36. Bb5 Qc7 37. Bd3 Nd6 38. Rc3 Nc4 39. Qc2 a4 40. Bc1 Qa5 41. Ba3 Rb8 42. f4 Rb3 43. Rxb3 axb3 44. Qxb3 Qxa3 45. Qb8+ Qf8 46. Bh7+ Kxh7 47. Qxf8 Ne3 48. Qc5 Nf5 49. g4 Ne3 50. Kf2 Nd1+ 51. Ke2 Nb2 52. Qc2+ 1-0

[Event "Berlin Lichtenberger op 8th"]
[Site "Berlin"]
[Date "2009.08.23"]
[Round "9"]
[White "Metin, Altug"]
[Black "Geldner, Gerrit"]
[Result "1/2-1/2"]
[WhiteElo "1600"]
[BlackElo "1091"]
[PlyCount "134"]
[EventDate "2009.08.15"]
[EventType "swiss"]
[EventRounds "9"]
[EventCountry "GER"]
[SourceTitle "CBM 131 Extra"]
[Source "ChessBase"]
[SourceDate "2009.09.03"]
[SourceVersion "2"]
[SourceVersionDate "2009.09.16"]
[SourceQuality "1"]

1. e4 c5 2. c3 Nc6 3. d4 d6 4. Nf3 Bg4 5. d5 Bxf3 6. Qxf3 Ne5 7. Bb5+ Nd7 8. c4 g6 9. Bd2 Bg7 10. Bc3 Bxc3+ 11. Nxc3 Ngf6 12. 0-0 0-0 13. Rae1 Ne5 14. Qe2 a6 15. Ba4 Qb6 16. f4 Nxc4 17. Qxc4 Qxb2 18. Re2 Qb4 19. Qxb4 cxb4 20. Nb1 Rac8 21. Bc2 Rc7 22. Bd3 Rfc8 23. Ree1 Kf8 24. h3 Rc5 25. Nd2 Rc3 26. Bb1 Rg3 27. Rc1 Rgc3 28. Nb3 R8c4 29. Rxc3 bxc3 30. Rc1 Nxe4 31. Bxe4 Rxe4 32. Rxc3 Ra4 33. Rc8+ Kg7 34. Rc7 Kf8 35. Rxb7 Rxa2 36. Ra7 Rb2 37. Nd4 Rb4 38. Ne2 Ra4 39. Ra8+ Kg7 40. Ra7 Kf8 41. Kf2 Ra2 42. Ke3 a5 43. g3 Ra1 44. Kd3 a4 45. Kc3 Ra3+ 46. Kd2 Ra2+ 47. Kd3 Ra3+ 48. Nc3 Ra1 49. Rxa4 Rf1 50. Ke3 Rc1 51. Ra8+ Kg7 52. Ne4 Rc7 53. Kd4 h6 54. g4 Rd7 55. h4 Rc7 56. Re8 f5 57. gxf5 gxf5 58. Ng3 Kf7 59. Rh8 Kg7 60. Rb8 Ra7 61. Nxf5+ Kg6 62. Ke4 Ra4+ 63. Nd4 Kf6 64. h5 Rc4 65. Rf8+ Kg7 66. Rf5 Rb4 67. Kf3 Rxd4 1/2-1/2

[Event "Berlin Lichtenberger op 8th"]
[Site "Berlin"]
[Date "2009.08.16"]
[Round "2"]
[White "Metin, Altug"]
[Black "Rabiega, Robert"]
[Result "0-1"]
[WhiteElo "1600"]
[BlackElo "2551"]
[PlyCount "82"]
[EventDate "2009.08.15"]
[EventType "swiss"]
[EventRounds "9"]
[EventCountry "GER"]
[SourceTitle "CBM 131 Extra"]
[Source "ChessBase"]
[SourceDate "2009.09.03"]
[SourceVersion "2"]
[SourceVersionDate "2009.09.16"]
[SourceQuality "1"]

1. e4 c5 2. c3 Nf6 3. e5 Nd5 4. Nf3 Nc6 5. d4 cxd4 6. cxd4 d6 7. Bc4 Nb6 8. Bb3 dxe5 9. dxe5 Qxd1+ 10. Bxd1 Bf5 11. 0-0 e6 12. Nc3 0-0-0 13. Be2 Bb4 14. Bd2 Nxe5 15. Bg5 Nxf3+ 16. Bxf3 f6 17. Rac1 Kb8 18. Be3 Nc4 19. Nd1 Bd3 20. a3 Nxe3 21. Nxe3 Bd2 22. Rfd1 Bxc1 23. Rxc1 Bg6 24. g3 Rd2 25. Nc4 Rc8 26. Nxd2 Rxc1+ 27. Kg2 Rc2 28. Nb3 e5 29. Bd5 Rxb2 30. a4 Be4+ 31. Bxe4 Rxb3 32. Bxh7 b5 33. axb5 Rxb5 34. h4 a5 35. g4 a4 36. h5 a3 37. Bg8 Rb2 38. Kg3 a2 39. Bxa2 Rxa2 40. Kf3 Kc7 41. Ke4 Rxf2 0-1

[Event "Berlin Lichtenberger op 8th"]
[Site "Berlin"]
[Date "2009.08.16"]
[Round "3"]
[White "Tschirschwitz, Stephan"]
[Black "Metin, Altug"]
[Result "0-1"]
[WhiteElo "1561"]
[BlackElo "1600"]
[PlyCount "44"]
[EventDate "2009.08.15"]
[EventType "swiss"]
[EventRounds "9"]
[EventCountry "GER"]
[SourceTitle "CBM 131 Extra"]
[Source "ChessBase"]
[SourceDate "2009.09.03"]
[SourceVersion "2"]
[SourceVersionDate "2009.09.16"]
[SourceQuality "1"]

1. d4 Nf6 2. c4 g6 3. Nc3 Bg7 4. e3 0-0 5. Bd3 d6 6. Nf3 Re8 7. h3 e5 8. dxe5 dxe5 9. e4 Na6 10. 0-0 Nc5 11. Bc2 Bd7 12. Qe2 Bc6 13. b3 Nh5 14. Qe3 Ne6 15. Bb2 Nd4 16. Rac1 Nf4 17. Bb1 Bh6 18. Kh2 Kg7 19. Rcd1 Nxh3 20. Qe1 Nxf3+ 21. gxf3 Qh4 22. Bc1 Nf4+ 0-1